[Event "Eastern Asia-ch U14 Girls"]
[White "Aslesha, Talukdar"]
[Black "Safarian, Fatemeh"]
[Site "Tornelo INT"]
[Round "8"]
[Result "1/2-1/2"]
[Date "2021.10.24"]
[WhiteElo "1373"]
[BlackElo "1337"]
[PlyCount "234"]
[EventDate "2021.10.22"]
[EventType "swiss"]
[EventRounds "9"]
[EventCountry "NET"]
[SourceTitle "EXT 2023"]
[Source "ChessBase"]
[SourceDate "2022.10.05"]
[SourceVersion "1"]
[SourceVersionDate "2022.10.05"]
[SourceQuality "1"]

1. e4 c5 2. c3 Nf6 3. e5 Nd5 4. d4 cxd4 5. cxd4 d6 6. Nf3 Nc6 7. Bc4 Nb6 8. Bb3 d5 9. h3 g6 10. 0-0 Bg7 11. Nc3 0-0 12. Bg5 h6 13. Be3 Kh7 14. Qe2 f5 15. Rac1 Be6 16. Na4 Nxa4 17. Bxa4 Rc8 18. Rfd1 Qb6 19. Qb5 Qxb5 20. Bxb5 f4 21. Bd2 Bf5 22. Bc3 g5 23. Ne1 h5 24. Bd3 Bxd3 25. Nxd3 g4 26. hxg4 hxg4 27. Nc5 b6 28. Ne6 Rf5 29. Nxg7 Kxg7 30. Bb4 f3 31. Ba3 Rh5 32. gxf3 gxf3 33. Rc3 Rh3 34. Rdd3 Rch8 35. Rxf3 Rh1+ 36. Kg2 R8h2+ 37. Kg3 Nxd4 38. Bxe7 Ne2+ 39. Kg4 Rg2+ 40. Kf5 Nxc3 41. bxc3 Kf7 42. Bg5 Rh5 43. e6+ Ke8 44. Rg3 Rxf2+ 45. Kg6 Rh8 46. Kg7 Rhf8 47. e7 R2f7+ 48. Kg6 Rg8+ 49. Kh5 Rxe7 50. Rd3 Re5 51. Rg3 Kf7 52. Kh4 Re4+ 53. Kh3 Ke6 54. a3 a6 55. Kg2 Rf8 56. Bh6 Rf6 57. Bg7 Re2+ 58. Kh3 Rff2 59. Bd4 Rh2+ 60. Kg4 Reg2 61. Bxb6 Rxg3+ 62. Kxg3 Ra2 63. Bc5 Kd7 64. Kf3 Kc6 65. Be7 Kb5 66. Ke3 Kc4 67. Bb4 a5 68. Bxa5 Rxa3 69. Bd8 Rxc3+ 70. Kd2 Rg3 71. Bf6 d4 72. Be5 Rg2+ 73. Kd1 d3 74. Bf6 Kd5 75. Bc3 Kc4 76. Bf6 Rg6 77. Bh8 Rh6 78. Bg7 Rh2 79. Bf6 d2 80. Kc2 Rg2 81. Be5 Rf2 82. Bg7 d1Q+ 83. Kxd1 Kd3 84. Kc1 Rc2+ 85. Kb1 Rc7 86. Bf6 Rb7+ 87. Kc1 Rb6 88. Be5 Rb5 89. Bf6 Rf5 90. Bg7 Rd5 91. Kb2 Rc5 92. Kb1 Rc6 93. Kb2 Kd2 94. Kb3 Rg6 95. Be5 Kd3 96. Kb4 Ke4 97. Bh8 Rh6 98. Bg7 Rh7 99. Bf6 Rc7 100. Kb5 Kd5 101. Kb4 Rc6 102. Bg7 Rg6 103. Bh8 Rg1 104. Kc3 Ke4 105. Kd2 Rg3 106. Bf6 Rf3 107. Bg7 Ra3 108. Kc2 Ra2+ 109. Kb3 Rg2 110. Bf6 Kd5 111. Kc3 Rf2 112. Bg7 Rf7 113. Bh8 Rh7 114. Bf6 Rh6 115. Bg7 Rg6 116. Bh8 Rg3+ 117. Kb4 Ke4 1/2-1/2

[Event "IRI-ch U14 Girls"]
[White "Safarian, Fatemeh"]
[Black "Shojaee Baghini, Saba"]
[Site "Chess.com INT"]
[Round "9"]
[Result "1-0"]
[Date "2021.01.16"]
[WhiteElo "1472"]
[BlackElo "1231"]
[PlyCount "125"]
[EventDate "2021.01.16"]
[EventType "swiss"]
[EventRounds "9"]
[EventCountry "IRI"]
[SourceTitle "EXT 2022"]
[Source "ChessBase"]
[SourceDate "2021.10.06"]
[SourceVersion "1"]
[SourceVersionDate "2021.10.06"]
[SourceQuality "1"]

1. c4 d5 2. g3 Nf6 3. Bg2 e6 4. Nf3 Bc5 5. 0-0 0-0 6. d4 Be7 7. b3 Nbd7 8. Nc3 dxc4 9. bxc4 Nb6 10. Qd3 h6 11. Bb2 c6 12. Rac1 c5 13. e3 cxd4 14. exd4 Nfd7 15. Rfd1 Bf6 16. Ne4 Re8 17. Ba3 Be7 18. Nd6 Rf8 19. Ne5 Rb8 20. c5 Nxe5 21. dxe5 Nd7 22. Qd4 Bg5 23. f4 Be7 24. Nxc8 Rxc8 25. Qxd7 Qa5 26. Qd3 Rfd8 27. Qb3 Rxd1+ 28. Rxd1 Bxc5+ 29. Bxc5 Qxc5+ 30. Kh1 b6 31. Qd3 a5 32. Be4 Kf8 33. a3 Qc3 34. Qd6+ Ke8 35. Kg2 Qc7 36. Qd3 Qc5 37. Bb7 Qc3 38. Bxc8 Qxd3 39. Rxd3 Ke7 40. Ba6 f6 41. exf6+ Kxf6 42. Rd6 Ke7 43. Rxb6 Kf6 44. Rb5 a4 45. Ra5 g6 46. Rxa4 e5 47. fxe5+ Kxe5 48. Bd3 g5 49. Re4+ Kf6 50. a4 h5 51. a5 g4 52. a6 Kg5 53. a7 h4 54. gxh4+ Kxh4 55. Rxg4+ Kxg4 56. a8Q Kf4 57. Qe4+ Kg5 58. h4+ Kf6 59. Qd5 Kg7 60. Qe6 Kh8 61. Qe7 Kg8 62. Kg3 Kh8 63. Qh7# 1-0

[Event "IRI-ch U14 Girls"]
[White "Sarlak, Negar"]
[Black "Safarian, Fatemeh"]
[Site "Chess.com INT"]
[Round "6"]
[Result "1-0"]
[Date "2021.01.16"]
[WhiteElo "1117"]
[BlackElo "1472"]
[PlyCount "79"]
[EventDate "2021.01.16"]
[EventType "swiss"]
[EventRounds "9"]
[EventCountry "IRI"]
[SourceTitle "EXT 2022"]
[Source "ChessBase"]
[SourceDate "2021.10.06"]
[SourceVersion "1"]
[SourceVersionDate "2021.10.06"]
[SourceQuality "1"]

1. e4 c5 2. d4 cxd4 3. c3 Nf6 4. e5 Nd5 5. cxd4 e6 6. Nf3 d6 7. Bc4 dxe5 8. dxe5 Be7 9. 0-0 0-0 10. Qe2 Nb6 11. Rd1 Qc7 12. Bd3 Bd7 13. Qe4 g6 14. Nc3 Bc6 15. Nb5 Qd8 16. Qe2 Nd5 17. Bh6 Re8 18. Nbd4 Nd7 19. Nxc6 bxc6 20. Rac1 Nc5 21. Bc4 Qb6 22. h4 Bf8 23. Bxf8 Rxf8 24. Qd2 Kg7 25. h5 Ne4 26. h6+ Kg8 27. Qd4 f5 28. exf6 Nexf6 29. Bb3 Rab8 30. Rc5 Rf7 31. Rdc1 Rc8 32. Qe5 Nd7 33. Qxe6 Nxc5 34. Qxc8+ Rf8 35. Bxd5+ cxd5 36. Qxc5 Qe6 37. Qxa7 Qf6 38. Ng5 Qxf2+ 39. Qxf2 Rxf2 40. Kxf2 1-0